000
00378nam a22001097a 4500
082
_a
001
100
_a
प्रसाद . एम
_9
82636
245
_a
RRB ONE SHOT स्टैटिक GK TCS पैटर्न
260
_a
प्रयागराज
_b
ग्रीन वर्ल्ड PUB.
_c
2025
650
_a
सामान्य ज्ञान
942
_c
C. BOOKS
999
_c
67333
_d
67333